Group planning and problem-solving methods in engineering management /

Bibliographic Details
Other Authors: Olsen, Shirley A., 1939-
Format: Book
Language:English
Published: New York : Wiley, [1982]
Series:Construction management and engineering.
Subjects:

MARC

Tag First Indicator Second Indicator Subfields
LEADER 00000pam a2200000 a 4500
001 in00000098154
005 20150924085632.0
008 811030s1982 nyua b 00100 eng
010 |a  81019675  
020 |a 0471083119 
035 |a (OCoLC)07947896 
035 |9 AAK9520AM 
039 0 |a 2  |b 3  |c 3  |d 3  |e 3 
040 |a DLC  |c DLC  |d TXA  |d UtOrBLW 
049 |a TXAM  |c [985915] 
050 0 0 |a HD30.29  |b  G76 1982 
082 0 |a 658.4/036  |2 19 
245 0 0 |a Group planning and problem-solving methods in engineering management /  |c edited by Shirley A. Olsen. 
264 1 |a New York :  |b Wiley,  |c [1982] 
264 4 |c ©1982 
300 |a xii, 455 pages :  |b illustrations ;  |c 24 cm. 
336 |a text  |b txt  |2 rdacontent 
337 |a unmediated  |b n  |2 rdamedia 
338 |a volume  |b nc  |2 rdacarrier 
490 1 |a Construction management and engineering,  |x 0193-9750 
500 |a "A Wiley-Interscience publication." 
500 |a Erratum slip inserted. 
504 |a Includes bibliographies and indexes. 
650 0 |a Group problem solving. 
650 0 |a Engineering  |x Management. 
700 1 |a Olsen, Shirley A.,  |d 1939- 
830 0 |a Construction management and engineering. 
999 |a MARS 
999 f f |s 30e9512a-0e05-31f8-af02-9c75d60a1f40  |i 713b406c-9179-388a-bd17-35c5f75dc342  |t 0 
952 f f |p ric  |a Texas A&M University  |b Rellis Campus  |c Joint Library Facility  |d Remote Storage  |t 0  |e HD30.29 G76 1982  |h Library of Congress classification  |i unmediated -- volume  |m A14806024546 
998 f f |a HD30.29 G76 1982  |t 0  |l Remote Storage